000
00326nam a2200121Ia 4500
008
220204s9999 xx 000 0 und d
082
_a
054
_b
HUG
100
_a
College, Ventura
245
0
_a
Chemistry: Ideas to interpret your changing environment
260
_a
Encino
_b
Dickenson
_c
1975
700
_a
Hughes, Tom
942
_c
BK
999
_c
31955
_d
31955